000 00353nam a2200133Ia 4500
005 20260328104318.0
008 260328s9999||||xx |||||||||||||| ||und||
100 _aDeffis Caso, Armando
245 0 _aArquitectura Ecológica Tropical /
_cArmando Deffis Caso
260 _bÁrbol
300 _a160 p.
650 _aARQUITECTURA SOSTENIBLE
942 _cBK
999 _c11239
_d11239